[Event "Joao Pessoa Botvinnik Memorial"]
[Site "Joao Pessoa"]
[Date "2017.08.14"]
[Round "5.2"]
[White "Galindo, Luciano Dutra"]
[Black "De Lima, Ednaldo M Vasconce"]
[Result "1/2-1/2"]
[WhiteElo "1694"]
[BlackElo "1600"]
[PlyCount "20"]
[EventDate "2017.07.17"]
[EventType "tourn"]
[EventRounds "7"]
[EventCountry "BRA"]
[SourceTitle "EXT 2022"]
[Source "ChessBase"]
[SourceDate "2021.10.06"]
[SourceVersion "1"]
[SourceVersionDate "2021.10.06"]
[SourceQuality "1"]

1. e4 e5 2. Nf3 Nc6 3. Bb5 a6 4. Ba4 b5 5. Bb3 Be7 6. 0-0 Nf6 7. d3 0-0 8. Re1 d6 9. Bd2 Bb7 10. h3 h6 1/2-1/2

[Event "Joao Pessoa Botvinnik Memorial"]
[Site "Joao Pessoa"]
[Date "2017.08.07"]
[Round "4.4"]
[White "De Lima, Ednaldo M Vasconce"]
[Black "Gomes, Genildo de Souza"]
[Result "1-0"]
[WhiteElo "1600"]
[BlackElo "1580"]
[PlyCount "89"]
[EventDate "2017.07.17"]
[EventType "tourn"]
[EventRounds "7"]
[EventCountry "BRA"]
[SourceTitle "EXT 2022"]
[Source "ChessBase"]
[SourceDate "2021.10.06"]
[SourceVersion "1"]
[SourceVersionDate "2021.10.06"]
[SourceQuality "1"]

1. c4 Nf6 2. Nc3 g6 3. Nf3 Bg7 4. g3 0-0 5. Bg2 c6 6. 0-0 d6 7. d3 e5 8. Bg5 h6 9. Bd2 Be6 10. Qc1 g5 11. h4 Nh7 12. hxg5 hxg5 13. Nxg5 Nxg5 14. Bxg5 f6 15. Bh6 Qd7 16. Kh2 Kf7 17. Bxg7 Kxg7 18. Rh1 Rh8+ 19. Kg1 Na6 20. f3 Bh3 21. Qf1 Bxg2 22. Qxg2 Rxh1+ 23. Qxh1 Rh8 24. Qg2 Nc5 25. Kf2 Qh3 26. Qxh3 Rxh3 27. Kg2 Rh6 28. Rh1 Ne6 29. Rxh6 Kxh6 30. Ne4 Nd4 31. Kf2 d5 32. Nxf6 Kg5 33. Ng4 Kf5 34. cxd5 cxd5 35. e3 Ne6 36. e4+ dxe4 37. dxe4+ Kg5 38. Nxe5 Kf6 39. f4 a6 40. Ke3 b5 41. b4 Kg7 42. g4 Kf6 43. Nd7+ Ke7 44. Nc5 Nxc5 45. bxc5 1-0

[Event "Joao Pessoa Botvinnik Memorial"]
[Site "Joao Pessoa"]
[Date "2017.07.31"]
[Round "3.1"]
[White "De Lima, Ednaldo M Vasconce"]
[Black "Trigueiro, Hamilton Nobrega"]
[Result "1-0"]
[WhiteElo "1600"]
[BlackElo "1544"]
[PlyCount "89"]
[EventDate "2017.07.17"]
[EventType "tourn"]
[EventRounds "7"]
[EventCountry "BRA"]
[SourceTitle "EXT 2022"]
[Source "ChessBase"]
[SourceDate "2021.10.06"]
[SourceVersion "1"]
[SourceVersionDate "2021.10.06"]
[SourceQuality "1"]

1. c4 Nf6 2. d4 d5 3. cxd5 Nxd5 4. e4 Nb6 5. Nf3 Bg4 6. Be2 e6 7. 0-0 N8d7 8. a3 c5 9. dxc5 Nxc5 10. Qxd8+ Rxd8 11. Bb5+ Nbd7 12. Ne5 Bh5 13. b4 a6 14. Nxd7 Nxd7 15. Ba4 Be7 16. Bb2 0-0 17. Nc3 Ne5 18. f3 Bf6 19. Ne2 Bxf3 20. gxf3 Nxf3+ 21. Rxf3 Bxb2 22. Rb1 Rd2 23. Kf1 Rfd8 24. b5 a5 25. Ke1 Be5 26. h3 g6 27. Rd1 Rxd1+ 28. Bxd1 Bg7 29. a4 Bf8 30. Bb3 Bb4+ 31. Kf1 Kg7 32. Ng3 Rd4 33. e5 h5 34. Ke2 h4 35. Nf1 g5 36. Rd3 Bc5 37. Nd2 g4 38. Rxd4 Bxd4 39. hxg4 Bxe5 40. Kf2 h3 41. Nf3 Bf4 42. Kg1 Kg6 43. Bc2+ f5 44. gxf5+ exf5 45. Nh4+ 1-0

[Event "Joao Pessoa Fischer Memorial 7th"]
[Site "Joao Pessoa"]
[Date "2016.03.13"]
[Round "5"]
[White "De Lima, Ednaldo M Vasconce"]
[Black "Librelato, Kathie Goulart"]
[Result "0-1"]
[WhiteElo "1607"]
[BlackElo "1930"]
[PlyCount "50"]
[EventDate "2016.03.11"]
[EventType "swiss"]
[EventRounds "6"]
[EventCountry "BRA"]
[SourceTitle "CBM 171 Extra"]
[Source "ChessBase"]
[SourceDate "2016.04.26"]
[SourceVersion "1"]
[SourceVersionDate "2016.04.26"]
[SourceQuality "1"]

1. d4 Nf6 2. c4 g6 3. Nc3 Bg7 4. Nf3 d6 5. Bf4 0-0 6. Qd2 Nfd7 7. Bh6 e5 8. Bxg7 Kxg7 9. e4 exd4 10. Qxd4+ Kg8 11. Be2 Nc6 12. Qd2 Re8 13. Qh6 Nf8 14. 0-0-0 a5 15. c5 a4 16. a3 Na5 17. cxd6 Nb3+ 18. Kb1 cxd6 19. Ng5 Be6 20. Bb5 Re7 21. Nd5 Bxd5 22. Rxd5 Qb6 23. Qh4 Rc7 24. Be2 Rac8 25. Rdd1 Rc2 0-1

[Event "Paraibano-ch"]
[Site "Joao Pessoa"]
[Date "2014.11.29"]
[Round "2"]
[White "Trigueiro, Hamilton Nobrega"]
[Black "De Lima, Ednaldo M Vasconce"]
[Result "0-1"]
[WhiteElo "1578"]
[BlackElo "1686"]
[PlyCount "94"]
[EventDate "2014.11.28"]
[EventType "swiss"]
[EventRounds "5"]
[EventCountry "BRA"]
[SourceTitle "EXT 2022"]
[Source "ChessBase"]
[SourceDate "2021.10.06"]
[SourceVersion "1"]
[SourceVersionDate "2021.10.06"]
[SourceQuality "1"]

1. e4 c5 2. Nc3 d6 3. Nf3 Nc6 4. Bb5 Bd7 5. 0-0 Nf6 6. e5 dxe5 7. Bxc6 Bxc6 8. Nxe5 Qc7 9. Re1 e6 10. d3 Bd6 11. Bf4 0-0 12. h3 Nd5 13. Bg3 Nxc3 14. bxc3 b5 15. Rb1 a6 16. d4 Bd5 17. dxc5 Bxe5 18. Bxe5 Qxc5 19. Qg4 f6 20. Bd4 Qc8 21. Re3 e5 22. Bb6 Qxg4 23. hxg4 Bxa2 24. Ra1 Bc4 25. Ree1 Rfc8 26. Rad1 Be6 27. g5 Rxc3 28. gxf6 gxf6 29. Rd6 Kf7 30. f4 e4 31. Rxe4 Bf5 32. Re1 Rac8 33. Bd4 R3c6 34. Rd5 Be6 35. Rh5 Kg6 36. Rh4 h5 37. c3 Bf5 38. Kf2 Re6 39. Reh1 Bg4 40. Rf1 Re2+ 41. Kg3 Kf5 42. Rhh1 Rce8 43. Ra1 R8e6 44. Rhf1 Rd2 45. Ra5 h4+ 46. Kxh4 Rxg2 47. Bf2 Re7 0-1

[Event "Joao Pessoa AXCV op 1st"]
[Site "Joao Pessoa"]
[Date "2014.04.04"]
[Round "1"]
[White "De Lima, Ednaldo M Vasconce"]
[Black "Da Silva Tomaz, Luiz Antonio"]
[Result "0-1"]
[WhiteElo "1762"]
[BlackElo "1910"]
[PlyCount "50"]
[EventDate "2014.04.04"]
[EventType "swiss"]
[EventRounds "5"]
[EventCountry "BRA"]
[SourceTitle "EXT 2018"]
[Source "ChessBase"]
[SourceDate "2017.10.13"]
[SourceVersion "1"]
[SourceVersionDate "2017.10.13"]
[SourceQuality "1"]

1. c4 e5 2. Nc3 Nf6 3. d3 d5 4. cxd5 Nxd5 5. Bd2 c5 6. Nf3 Nc6 7. g3 Be7 8. Bg2 Nc7 9. Rc1 Be6 10. a3 0-0 11. 0-0 Qd7 12. Ne4 b6 13. Bc3 f6 14. Qc2 Bh3 15. b4 Bxg2 16. Kxg2 Nd5 17. bxc5 bxc5 18. Bd2 Nd4 19. Nxd4 cxd4 20. Nc5 Qc6 21. Qa2 Bxc5 22. e4 dxe3 23. Bxe3 Kh8 24. Kg1 Nxe3 25. fxe3 Bxe3+ 0-1